[Event "Haninge"]
[Site "Haninge"]
[Date "1990.??.??"]
[Round "6"]
[White "Ehlvest, Jaan"]
[Black "Polugaevsky, Lev"]
[Result "1-0"]
[WhiteElo "2620"]
[BlackElo "2610"]
[PlyCount "145"]
[EventDate "1990.05.??"]
[Source "ChessBase"]

1. Nf3 c5 2. c4 Nc6 3. Nc3 Nf6 4. g3 d5 5. cxd5 Nxd5 6. Bg2 g6 7. Nxd5 Qxd5 8. d3 Bg7 9. O-O O-O 10. Be3 Bd7 11. Nd4 Qd6 12. Nxc6 Bxc6 13. Bxc6 Qxc6 14. Rc1 Qe6 15. Rxc5 Qxa2 16. Rb5 b6 17. Qa1 Qe6 18. Qa4 Qd7 19. Ra1 Rfc8 20. Ra2 h5 21. Rb4 Qb7 22. b3 Qd5 23. Qb5 Qxb5 24. Rxb5 Bc3 25. Rd5 e6 26. Rd7 a5 27. Rb7 Rab8 28. Rxb6 Rxb6 29. Bxb6 Rb8 30. Rc2 Rxb6 31. Rxc3 Kg7 32. Rc5 Rxb3 33. Rxa5 Rb4 34. h3 f5 35. h4 Kf6 36. Ra6 f4 37. Kg2 Rb2 38. Kf3 fxg3 39. fxg3 Rb3 40. Ra5 Rb4 41. Rc5 e5 42. Rc6+ Kf7 43. Rc4 Rb6 44. Ra4 Kf6 45. Ke4 Ke6 46. e3 Kf6 47. Ra1 Rb4+ 48. Kd5 Rb5+ 49. Ke4 Rb4+ 50. Kd5 Rb5+ 51. Kc4 Rb2 52. Ra6+ Kf7 53. Ra7+ Kf6 54. Ra6+ Kf7 55. Ra5 Rc2+ 56. Kd5 Rg2 57. Ra7+ Kf6 58. Ra6+ Kf7 59. Kxe5 Rxg3 60. Ra7+ Kg8 61. d4 Rxe3+ 62. Kf6 Rb3 63. d5 Rf3+ 64. Kxg6 Kf8 65. Rh7 Rf4 66. d6 Ke8 67. Kxh5 Rd4 68. d7+ Kd8 69. Rf7 Rd5+ 70. Kg6 Rd6+ 71. Rf6 Rd1 72. h5 Kxd7 73. Kf7 1-0

[Event "Tilburg NED"]
[Site "Tilburg NED"]
[Date "1980.??.??"]
[Round "?"]
[White "Ribli, Zoltan"]
[Black "Timman, Jan Hein"]
[Result "1/2-1/2"]
[WhiteElo "2610"]
[BlackElo "2600"]
[PlyCount "45"]
[EventDate "1980.??.??"]
[Source "www.chesslib.no"]
[SourceDate "2004.05.04"]

1. c4 c5 2. Nc3 Nf6 3. g3 d5 4. cxd5 Nxd5 5. Nf3 Nc6 6. Nxd5 Qxd5 7. Bg2 g6 8. O-O Bg7 9. d3 O-O 10. Be3 Bd7 11. Nd4 Qd6 12. Nxc6 Bxc6 13. Bxc6 Qxc6 14. Rc1 Qe6 15. Rxc5 Qxa2 16. Rb5 Qa6 17. Rb4 b6 18. Qb3 Rfc8 19. Qa4 Qb7 20. Ra1 a6 21. Qa2 a5 22. Rc1 Be5 23. Re4 1/2-1/2

[Event "Beersheba"]
[Site "Beer Sheba ISR"]
[Date "1990.??.??"]
[Round "9"]
[White "Ftacnik, Lubomir"]
[Black "Korchnoi, Viktor L"]
[Result "1/2-1/2"]
[WhiteElo "2560"]
[BlackElo "2625"]
[PlyCount "81"]
[EventDate "1990.03.??"]
[Source "www.chesslib.no"]
[SourceDate "2004.05.04"]

1. Nf3 Nf6 2. c4 c5 3. Nc3 Nc6 4. g3 d5 5. cxd5 Nxd5 6. Bg2 g6 7. O-O Bg7 8. Nxd5 Qxd5 9. d3 O-O 10. Be3 Bxb2 11. Rb1 Bg7 12. Nd4 Qxa2 13. Nxc6 bxc6 14. Bxc6 Bh3 15. Bxa8 Rxa8 16. Re1 Bc3 17. f3 c4 18. Ra1 Qxa1 19. Qxa1 Bxa1 20. Rxa1 cxd3 21. exd3 a5 22. g4 h5 23. gxh5 gxh5 24. Bc5 Kf8 25. Ra4 Ra6 26. Rh4 Rg6+ 27. Kf2 Rg2+ 28. Ke3 Rg5 29. d4 Be6 30. Re4 Ke8 31. Re5 Rxe5+ 32. dxe5 Kd7 33. Ke4 Bh3 34. Bb6 a4 35. Bc5 Bg2 36. Ba3 Ke6 37. Bb4 f5+ 38. exf6 exf6 39. Ba3 Bh3 40. Bb2 Bf5+ 41. Kd4 1/2-1/2

[Event "Haninge"]
[Site "Haninge"]
[Date "1990.??.??"]
[Round "11"]
[White "Ehlvest, Jaan"]
[Black "Hellers, Ferdinand"]
[Result "0-1"]
[WhiteElo "2620"]
[BlackElo "2525"]
[PlyCount "310"]
[EventDate "1990.05.??"]
[Source "ChessBase"]

1. Nf3 Nf6 2. c4 c5 3. Nc3 Nc6 4. g3 d5 5. cxd5 Nxd5 6. Bg2 g6 7. Nxd5 Qxd5 8. O-O Bg7 9. d3 O-O 10. Be3 Bd7 11. Nd4 Qd6 12. Nxc6 Bxc6 13. Bxc6 Qxc6 14. Rc1 Qe6 15. Rxc5 Qxa2 16. Rb5 a6 17. Rxb7 Rab8 18. Rxe7 Rxb2 19. Re4 Rc2 20. d4 Qc4 21. Bf4 Rc8 22. e3 a5 23. Re7 Bf8 24. Ra7 Qd5 25. Be5 Bh6 26. Re7 a4 27. Re8+ Rxe8 28. Qxc2 a3 29. e4 Qe6 30. Qa4 Bf8 31. Rc1 Rd8 32. Rc6 Qg4 33. Bc7 Re8 34. e5 Rc8 35. Qc4 Qd7 36. e6 fxe6 37. Rxe6 Qf7 38. Rc6 Qxc4 39. Rxc4 a2 40. Ra4 Rxc7 41. Rxa2 Rd7 42. Rd2 Rd5 43. f4 Rxd4 44. Ra2 Kf7 45. Kg2 Rd3 46. Kh3 Rc3 47. Kg4 Be7 48. Kh3 Rd3 49. Rb2 h6 50. Kg4 Bd6 51. Ra2 Kf6 52. Rb2 Rd4 53. Kh3 h5 54. Ra2 Rd5 55. Re2 Kf5 56. Ra2 Bb4 57. Rb2 Rd4 58. Rb1 Ke6 59. Rb2 Kf7 60. Rb1 Kf6 61. Rb2 Rc4 62. Ra2 Be7 63. Re2 Kf7 64. Ra2 Rb4 65. Rc2 Rb6 66. Re2 Bf6 67. Rc2 Ke6 68. Ra2 Rb5 69. Ra4 Kf5 70. Rc4 Be7 71. Rc2 Bc5 72. Rd2 Be3 73. Re2 Rb3 74. Ra2 Rb5 75. Re2 Bd4 76. Rd2 Ke4 77. Kh4 Bf6+ 78. Kh3 Rb2 79. Rd6 Kf5 80. Rd5+ Ke6 81. Rd3 Rc2 82. Re3+ Kd5 83. Re8 Bd4 84. Rg8 Bg1 85. Kh4 Rxh2+ 86. Kg5 Bf2 87. f5 gxf5 88. Kxf5 Be3 89. Rd8+ Kc6 90. Re8 Bd2 91. Re4 Kd5 92. Re5+ Kd6 93. Re6+ Kd7 94. Re4 Rg2 95. Rh4 Rf2+ 96. Ke4 Ke6 97. Rxh5 Kf6 98. Rb5 Bg5 99. Rb6+ Kg7 100. Ra6 Bf6 101. Ke3 Rb2 102. Ra3 Rb5 103. Kf3 Kg6 104. Rd3 Kf5 105. Ra3 Be5 106. Rd3 Rc5 107. Re3 Rc4 108. Ra3 Bd4 109. Rd3 Ra4 110. Rb3 Be5 111. Re3 Ra2 112. Rb3 Rd2 113. Ra3 Rb2 114. g4+ Ke6 115. Ra6+ Bd6 116. g5 Rb4 117. g6 Rf4+ 118. Ke2 Rg4 119. Kf3 Rxg6 120. Ra5 Rg1 121. Ra2 Kf5 122. Rg2 Ra1 12 . Re2 Be5 124. Kg2 Ra3 125. Rc2 Bd4 126. Rc8 Ke4 127. Re8+ Be5 128. Rf8 Ra7 129. Rf2 Rg7+ 130. Kf1 Bf4 131. Re2+ Kd3 132. Rg2 Rh7 133. Kf2 Rh3 134. Rg8 Be3+ 135. Kg2 Rh7 136. Kf3 Re7 137. Ra8 Rf7+ 138. Kg4 Rf4+ 139. Kh5 Rf6 140. Kg4 Bd4 141. Re8 Rf1 142. Re7 Bf6 143. Re6 Kd4 144. Re2 Be5 145. Ra2 Ke3 146. Kg5 Bd4 147. Ra3+ Ke4 148. Ra4 Rg1+ 149. Kh6 Kd5 150. Ra5+ Ke6 151. Ra6+ Kf5 152. Ra5+ Be5 153. Kh7 Rg7+ 154. Kh6 Rg8 155. Ra7 Rg1 0-1

[Event "Open"]
[Site "op Oberwart"]
[Date "1995.??.??"]
[Round "?"]
[White "Eingorn, Vereslav S"]
[Black "Kuzmin, Gennadi P"]
[Result "1/2-1/2"]
[WhiteElo "2595"]
[BlackElo "2545"]
[PlyCount "86"]
[EventDate "1995.??.??"]
[Source "www.chesslib.no"]
[SourceDate "2004.05.04"]

1. Nf3 Nf6 2. c4 g6 3. b3 Bg7 4. Bb2 O-O 5. g3 c5 6. Bg2 Nc6 7. O-O d6 8. Nc3 e5 9. Ne1 Rb8 10. Nc2 Bd7 11. Ne3 a6 12. d3 b5 13. Qd2 Ne7 14. Ne4 Ne8 15. f4 f5 16. Nc3 exf4 17. gxf4 Nc7 18. Ncd5 Bxb2 19. Qxb2 Nexd5 20. Nxd5 Be6 21. Nxc7 Qxc7 22. Rac1 Qb6 23. Bf3 Rbd8 24. Qc3 Rd7 25. Rf2 Rg7 26. h4 h6 27. Rh2 Kh7 28. Kf2 Bc8 29. Rg1 Bb7 30. Bxb7 Qxb7 31. Rg3 b4 32. Qc1 h5 33. Re3 Re7 34. Qh1 Qd7 35. Rhh3 Rfe8 36. Rhg3 a5 37. Qh3 d5 38. Rxe7+ Rxe7 39. Re3 dxc4 40. Rxe7+ Qxe7 41. dxc4 Qe4 42. Qe3 Qxe3+ 43. Kxe3 Kg7 1/2-1/2

[Event "Bern Open"]
[Site "Bern SUI"]
[Date "1994.??.??"]
[Round "7"]
[White "Eingorn, Vereslav S"]
[Black "Cvitan, Ognjen"]
[Result "1/2-1/2"]
[WhiteElo "2570"]
[BlackElo "2570"]
[PlyCount "61"]
[EventDate "1994.02.??"]
[Source "www.chesslib.no"]
[SourceDate "2004.05.04"]

1. Nf3 Nf6 2. c4 g6 3. b3 Bg7 4. Bb2 O-O 5. g3 d6 6. Bg2 e5 7. O-O c5 8. Nc3 Nc6 9. Ne1 Rb8 10. Nc2 a6 11. d3 Bd7 12. Ne3 b5 13. Ned5 Nxd5 14. Nxd5 Ne7 15. Nxe7+ Qxe7 16. Qd2 Qd8 17. e3 Be6 18. Rac1 h5 19. f4 exf4 20. Bxg7 Kxg7 21. Rxf4 f6 22. Qc3 Qe7 23. Re1 Rf7 24. Bc6 Qc7 25. Ref1 b4 26. Qb2 Rbf8 27. Bd5 Qd7 28. h4 Bxd5 29. cxd5 Qe7 30. e4 Qe5 31. Qxe5 1/2-1/2

[Event "Open A"]
[Site "Zadar CRO"]
[Date "2007.12.19"]
[Round "6"]
[White "Stevic, H."]
[Black "Sedlak, N."]
[Result "1/2-1/2"]
[WhiteElo "2531"]
[BlackElo "2605"]
[PlyCount "20"]
[EventDate "2007.12.16"]
[Source "www.chesslib.no"]
[SourceDate "2004.05.04"]

1. Nf3 c5 2. g3 Nf6 3. Bg2 g6 4. c4 Bg7 5. Nc3 O-O 6. O-O Nc6 7. d3 d6 8. a3 a6 9. Rb1 Rb8 10. b4 cxb4 1/2-1/2

[Event "It, Nussloch GER"]
[Site "?"]
[Date "1996.??.??"]
[Round "?"]
[White "Hickl, J."]
[Black "Lutz, C."]
[Result "1/2-1/2"]
[WhiteElo "2580"]
[BlackElo "2555"]
[PlyCount "148"]
[EventDate "1996.??.??"]
[Source "www.chesslib.no"]
[SourceDate "2004.05.04"]

1. Nf3 Nf6 2. c4 g6 3. b3 Bg7 4. Bb2 O-O 5. g3 d6 6. Bg2 e5 7. d3 c5 8. O-O Nc6 9. Nc3 h6 10. Nd2 Be6 11. Nd5 Rb8 12. a3 a5 13. e3 Nh7 14. Qc2 f5 15. f4 Qd7 16. Bc3 Bf7 17. Rae1 Rbe8 18. b4 axb4 19. axb4 cxb4 20. Nxb4 Nxb4 21. Bxb4 Nf6 22. fxe5 Rxe5 23. Bc3 Re7 24. e4 Be6 25. Rb1 fxe4 26. Nxe4 Nxe4 27. Rxf8+ Bxf8 28. Bxe4 d5 29. cxd5 Bxd5 30. Bxg6 Qg4 31. Be4 Rxe4 32. dxe4 Bc5+ 33. Kf1 Qf3+ 34. Ke1 Qh1+ 35. Kd2 Qxh2+ 36. Kc1 Qxc2+ 37. Kxc2 Bxe4+ 38. Kb2 Bxb1 39. Kxb1 h5 40. Kc2 Bd6 41. Be1 Kf7 42. Kd3 Ke6 43. Ke4 b5 44. Kf3 Kf5 45. Ba5 Be7 46. Bc3 Bf6 47. Bb4 Be5 48. Ba5 Bb2 49. Bb4 Bf6 50. Ba5 Bd4 51. Bb4 Ke5 52. g4 hxg4+ 53. Kxg4 Kd5 54. Kf3 Kc4 55. Be7 Bc5 56. Bh4 b4 57. Ke2 b3 58. Kd1 Be3 59. Bf6 Kd3 60. Bb2 Bf4 61. Bf6 Bd2 62. Bg7 Bf4 63. Bf6 Bg5 64. Bg7 Be3 65. Bb2 Kc4 66. Bf6 Kb4 67. Bb2 Kc5 68. Bc1 Kd4 69. Bxe3+ Kxe3 70. Kc1 Kd3 71. Kb2 Kc4 72. Kb1 Kc3 73. Kc1 b2+ 74. Kb1 Kb3 1/2-1/2

[Event "Masters"]
[Site "Abu Dhabi"]
[Date "2004.08.21"]
[Round "7"]
[White "Anastasian, Ashot"]
[Black "Ghaem Maghami, Ehsan"]
[Result "1/2-1/2"]
[WhiteElo "2571"]
[BlackElo "2552"]
[PlyCount "138"]
[EventDate "2004.08.14"]
[Source "Roberto Alvarez"]
[SourceDate "2004.08.30"]

1. c4 Nf6 2. Nf3 c5 3. Nc3 g6 4. g3 Nc6 5. Bg2 d6 6. O-O Bg7 7. a3 O-O 8. Rb1 Bg4 9. d3 Qd7 10. b4 Nd4 11. e3 Bxf3 12. Bxf3 Nxf3+ 13. Qxf3 Rab8 14. Bb2 Rfd8 15. bxc5 dxc5 16. Rfd1 h5 17. Kg2 Ng4 18. Nd5 e6 19. Nf6+ Nxf6 20. Bxf6 Bxf6 21. Qxf6 Qa4 22. h3 Qc6+ 23. Qf3 Qxf3+ 24. Kxf3 Rd7 25. Rb5 Rc8 26. a4 Kf8 27. g4 hxg4+ 28. hxg4 g5 29. a5 Ke7 30. Ke4 Rcc7 31. Rh1 Rd8 32. Rh6 Rg8 33. f4 gxf4 34. Kxf4 Rd8 35. Rb3 Rcd7 36. g5 Kd6 37. Rh7 Rg8 38. Rh6 Ke7 39. Rb5 Kd6 40. Rh5 Rc7 41. Rb2 f6 42. gxf6 Rg6 43. Ke4 Rg4+ 44. Kf3 Rg6 45. Rg2 Rxf6+ 46. Ke4 Rcf7 47. Rg8 Rd7 48. Rg3 Rc7 49. Rh4 Rcf7 50. Rhh3 Rd7 51. Rh8 Rdf7 52. Rd8+ Kc7 53. Rdg8 Kd6 54. R3g7 Rf5 55. Rd8+ Kc7 56. Rxf7+ Rxf7 57. Re8 Kd6 58. Ra8 Kc7 59. d4 cxd4 60. exd4 Rf1 61. c5 Re1+ 62. Kd3 Rd1+ 63. Ke4 Re1+ 64. Kf4 Rd1 65. Ke5 Re1+ 66. Kf6 Re4 67. a6 bxa6 68. Rxa7+ Kc8 69. Rxa6 Rxd4 1/2-1/2

[Event "Camp. spagnolo ko"]
[Site "Ceuta SPA"]
[Date "2008.09.30"]
[Round "2.5"]
[White "Arizmendi Martinez, J."]
[Black "Khamrakulov, I."]
[Result "1-0"]
[WhiteElo "2524"]
[BlackElo "2597"]
[PlyCount "95"]
[EventDate "2008.09.27"]
[Source "www.chesslib.no"]
[SourceDate "2004.05.04"]

1. Nf3 c5 2. c4 Nc6 3. Nc3 Nf6 4. g3 g6 5. Bg2 Bg7 6. d4 cxd4 7. Nxd4 Qb6 8. Nc2 O-O 9. O-O d6 10. b3 Nb4 11. Be3 Qa5 12. Nxb4 Qxb4 13. Nb5 Qa5 14. Qe1 Qxe1 15. Raxe1 Bd7 16. Nxa7 Rfb8 17. a4 Bf5 18. Nb5 Ne8 19. Bd4 e5 20. Bb6 Bd7 21. Rd1 Bf8 22. Nc7 Ra6 23. Nxa6 bxa6 24. a5 Be6 25. Rd2 f5 26. Rfd1 e4 27. f3 Bh6 28. e3 exf3 29. Bxf3 Kf7 30. Rxd6 Nxd6 31. Rxd6 Ke7 32. Rc6 Bd7 33. Rc7 Kd6 34. c5+ Ke6 35. c6 Be8 36. Rxh7 Bf8 37. c7 Rc8 38. Bb7 Bd7 39. Bxc8 Bxc8 40. Rh8 Kf7 41. Kf2 Bb7 42. Ke2 Kg7 43. Bd4+ Kf7 44. Kd2 g5 45. h4 g4 46. h5 Bc8 47. h6 Bb7 48. Rxf8+ 1-0

[Event "69. ch-BUL"]
[Site "?"]
[Date "2005.05.31"]
[Round "10"]
[White "Chatalbashev Boris"]
[Black "Cheparinov Ivan"]
[Result "1/2-1/2"]
[WhiteElo "2499"]
[BlackElo "2621"]
[PlyCount "145"]
[EventDate "2005.??.??"]
[Source "www.chesslib.no"]
[SourceDate "2004.05.04"]

1. Nf3 c5 2. c4 Nc6 3. Nc3 Nf6 4. g3 d5 5. cxd5 Nxd5 6. Bg2 g6 7. O-O Bg7 8. Nxd5 Qxd5 9. d3 O-O 10. Be3 Bd7 11. Nd4 Qd6 12. Nxc6 Bxc6 13. Bxc6 Qxc6 14. Rc1 Qe6 15. Rxc5 Qxa2 16. Rb5 Qa6 17. Qb3 b6 18. Rb4 Rfb8 19. Rc1 Qb7 20. Rbc4 Rc8 21. Qa3 Rxc4 22. dxc4 h5 23. b4 Be5 24. Qd3 Rc8 25. b5 Kg7 26. h4 Rc7 27. Rd1 Qc8 28. Qe4 Bf6 29. Rc1 Qd7 30. Kg2 Qc8 31. Rc2 Kg8 32. f3 Kh7 33. Rc1 Kg8 34. g4 Qb7 35. Qxb7 Rxb7 36. g5 Bb2 37. Rc2 Ba3 38. Bd4 Bd6 39. e4 e5 40. Ba1 Kf8 41. Kf2 Ke7 42. Ke2 Ke6 43. Rd2 Rc7 44. Kd3 Bb4 45. Re2 Rd7+ 46. Kc2 Kd6 47. Re3 Kc5 48. Rd3 Rxd3 49. Kxd3 Kd6 50. Ke2 Ke6 51. Bb2 Be7 52. f4 exf4 53. Kf3 Bb4 54. Bc1 Be1 55. Bxf4 Bxh4 56. Bb8 Kd7 57. Bxa7 Kc8 58. c5 bxc5 59. Bxc5 Bxg5 60. Kg3 Kd7 61. Kf3 Be7 62. Ba7 Bd6 63. Be3 Kc7 64. Bd4 Kb7 65. e5 Bc7 66. Ke4 Bb6 67. Bc3 Bf2 68. e6 fxe6 69. Ke5 h4 70. Kxe6 h3 71. Be5 Bh4 72. Bh2 Kb6 73. Kd5 1/2-1/2

[Event "Manresa Open"]
[Site "?"]
[Date "2004.08.25"]
[Round "6"]
[White "Marin Mihail"]
[Black "Izoria Zviad"]
[Result "1/2-1/2"]
[WhiteElo "2511"]
[BlackElo "2595"]
[PlyCount "25"]
[EventDate "2004.??.??"]
[Source "www.chesslib.no"]
[SourceDate "2004.05.04"]

1. c4 c5 2. g3 g6 3. Bg2 Bg7 4. Nc3 Nc6 5. Nf3 Nf6 6. O-O O-O 7. d3 d6 8. a3 Rb8 9. Rb1 a6 10. b4 cxb4 11. axb4 b5 12. cxb5 axb5 13. d4 1/2-1/2

[Event "Hoogeveen Essent op"]
[Site "Hoogeveen"]
[Date "2001.10.14"]
[Round "3"]
[White "Gofshtein, Leonid D"]
[Black "Dvoirys, Semen I"]
[Result "1/2-1/2"]
[WhiteElo "2513"]
[BlackElo "2582"]
[PlyCount "43"]
[EventDate "2001.10.12"]
[Source "ChessBase"]
[SourceDate "2001.10.26"]

1. Nf3 Nf6 2. c4 c5 3. g3 Nc6 4. Nc3 d6 5. Bg2 g6 6. b3 Bg7 7. Bb2 O-O 8. O-O Bd7 9. d4 cxd4 10. Nxd4 Qa5 11. e3 Rfc8 12. h3 Rab8 13. Re1 a6 14. a3 Qd8 15. Rb1 b5 16. cxb5 Nxd4 17. Qxd4 axb5 18. Na2 Rc5 19. Qd3 Ne8 20. Bxg7 Kxg7 21. Nb4 Rbc8 22. Nd5 1/2-1/2

[Event "CRO-Cup"]
[Site "Pula"]
[Date "1997.??.??"]
[Round "?"]
[White "Dizdarevic, Emir"]
[Black "Cvitan, Ognjen"]
[Result "1/2-1/2"]
[WhiteElo "2540"]
[BlackElo "2550"]
[PlyCount "34"]
[EventDate "1997.??.??"]
[Source "www.chesslib.no"]
[SourceDate "2004.05.04"]

1. Nf3 Nf6 2. b3 g6 3. Bb2 Bg7 4. g3 c5 5. c4 d6 6. Bg2 e5 7. O-O O-O 8. Nc3 Nc6 9. d3 Ne8 10. Ne1 Nc7 11. Nc2 Rb8 12. Rb1 Bd7 13. e3 a6 14. Nd5 b5 15. Qd2 Ne7 16. b4 Be6 17. e4 Nc6 1/2-1/2

[Event "Cienfuegos"]
[Site "?"]
[Date "1997.??.??"]
[Round "?"]
[White "Spraggett, K."]
[Black "Becerra Rivero, J."]
[Result "1/2-1/2"]
[WhiteElo "2580"]
[BlackElo "2510"]
[PlyCount "86"]
[EventDate "1997.??.??"]
[Source "ChessBase"]
[SourceDate "1997.06.01"]

1. Nf3 Nf6 2. g3 g6 3. b3 Bg7 4. Bb2 c5 5. c4 O-O 6. Bg2 Nc6 7. O-O d6 8. d3 e5 9. Nc3 Ne8 10. e3 Nc7 11. Ne1 Be6 12. Nd5 Bxd5 13. cxd5 Ne7 14. e4 Nb5 15. Nc2 Qd7 16. Ne3 Nd4 17. a4 Rab8 18. Nc4 Nc8 19. Ra2 Nb6 20. Bxd4 cxd4 21. Qd2 Rfc8 22. h4 Nxc4 23. bxc4 Rc5 24. Kh2 Qc7 25. Bh3 Ra5 26. h5 b6 27. Rb1 Bf6 28. Rb5 Rxb5 29. cxb5 Qe7 30. Rc2 Bg5 31. Qe2 Rf8 32. Kg2 Kg7 33. Rc6 Kh6 34. hxg6 hxg6 35. Qe1 Kg7 36. Qb4 Rd8 37. Qc4 Qf6 38. Rc7 Rh8 39. Qc2 Rxh3 40. Kxh3 Qf3 41. Kh2 Be3 42. fxe3 dxe3 43. Qg2 Qh5+ 1/2-1/2

[Event "Banja Luka"]
[Site "Banja Luka"]
[Date "1976.??.??"]
[Round "4"]
[White "Smejkal, Jan"]
[Black "Hulak, Krunoslav"]
[Result "1/2-1/2"]
[WhiteElo "2615"]
[BlackElo "2470"]
[PlyCount "28"]
[EventDate "1976.12.??"]
[Source "ChessBase"]

1. c4 c5 2. Nf3 Nf6 3. g3 d5 4. cxd5 Nxd5 5. Bg2 Nc6 6. Nc3 g6 7. O-O Bg7 8. Nxd5 Qxd5 9. d3 O-O 10. Be3 Bd7 11. Nd4 Qd6 12. Nxc6 Bxc6 13. Bxc6 Qxc6 14. Rc1 Qe6 1/2-1/2

[Event "It (open)"]
[Site "?"]
[Date "2005.04.19"]
[Round "4"]
[White "Djuric Stefan"]
[Black "Cheparinov Ivan"]
[Result "0-1"]
[WhiteElo "2459"]
[BlackElo "2621"]
[PlyCount "74"]
[EventDate "2005.??.??"]
[Source "www.chesslib.no"]
[SourceDate "2004.05.04"]

1. Nf3 c5 2. c4 Nc6 3. Nc3 Nf6 4. g3 d5 5. cxd5 Nxd5 6. Bg2 g6 7. O-O Bg7 8. Nxd5 Qxd5 9. d3 O-O 10. Be3 Bd7 11. d4 cxd4 12. Nxd4 Qe5 13. Nxc6 Bxc6 14. Bxc6 bxc6 15. Rb1 Qa5 16. a4 Rfd8 17. Qc2 Bd4 18. b4 Qb6 19. Bg5 Rd5 20. h4 Rad8 21. Kg2 Bf6 22. e4 Rd3 23. Be3 Qb7 24. Qc4 Qd7 25. Rbc1 Be5 26. Qxc6 Qg4 27. Rce1 Rc3 28. Qb5 f6 29. f4 Bd4 30. Rf3 Bxe3 31. Rfxe3 Rd2+ 32. R1e2 Rxe3 33. Qe8+ Kg7 34. Qxe7+ Kh6 35. Qf8+ Kh5 36. Qc5+ f5 37. Rxd2 Qxg3+ 0-1

[Event "New York exh"]
[Site "New York"]
[Date "1989.??.??"]
[Round "2"]
[White "Frias, Victor J"]
[Black "Dlugy, Maxim"]
[Result "0-1"]
[WhiteElo "2510"]
[BlackElo "2570"]
[PlyCount "56"]
[EventDate "1989.??.??"]
[Source "www.chesslib.no"]
[SourceDate "2004.05.04"]

1. c4 c5 2. Nf3 Nf6 3. g3 d5 4. Bg2 g6 5. O-O Bg7 6. d3 O-O 7. Nc3 Nc6 8. cxd5 Nxd5 9. Bd2 Nc7 10. Qc1 b6 11. Bh6 Bb7 12. Qg5 Rb8 13. Qh4 Ne6 14. Ne4 Ncd4 15. Nxd4 Nxd4 16. Bxg7 Nxe2+ 17. Kh1 Kxg7 18. a3 f5 19. Nc3 Bxg2+ 20. Kxg2 Nxc3 21. bxc3 e6 22. Qa4 Qd5+ 23. Kg1 Rf7 24. Rad1 f4 25. Qe4 Rd8 26. Rfe1 fxg3 27. hxg3 Qf5 28. Qe3 Rd6 0-1

[Event "Oxford GM-A"]
[Site "Oxford"]
[Date "1998.12.20"]
[Round "6"]
[White "Rowson, Jonathan"]
[Black "Sutovsky, Emil"]
[Result "1/2-1/2"]
[WhiteElo "2495"]
[BlackElo "2575"]
[PlyCount "95"]
[EventDate "1998.12.14"]
[Source "ChessBase"]
[SourceDate "1999.04.01"]

1. c4 g6 2. Nc3 c5 3. g3 Bg7 4. Bg2 Nc6 5. d3 d6 6. Nf3 Nf6 7. O-O O-O 8. Rb1 d5 9. cxd5 Nxd5 10. Nxd5 Qxd5 11. a3 Qa2 12. Be3 c4 13. Ng5 Rd8 14. Qa4 Bg4 15. Ra1 Qb3 16. Bxc6 bxc6 17. Qxb3 cxb3 18. f3 Bd7 19. Ne4 Bh3 20. Rfd1 Bf5 21. Nc5 h5 22. Nxb3 Rab8 23. Na5 Rxb2 24. Nxc6 Rxe2 25. Nxd8 Bxa1 26. Bxa7 Bf6 27. Nc6 h4 28. Bf2 Be6 29. Nb4 h3 30. Rb1 g5 31. a4 Bc3 32. Nc6 Bd5 33. Na7 Bxf3 34. Nb5 Be5 35. Re1 f5 36. a5 Rxe1+ 37. Bxe1 Bc6 38. Bc3 Bb8 39. Nd4 Ba7 40. Kf1 Bd7 41. Nf3 f4 42. gxf4 gxf4 43. Bd4 Bc6 44. Bxa7 Bxf3 45. Bb8 Kf7 46. Kf2 Bg2 47. Bxf4 e6 48. Ke3 1/2-1/2

[Event "Creon op-6"]
[Site "Creon"]
[Date "2001.??.??"]
[Round "5"]
[White "Badea, Bela"]
[Black "Nevednichy, Vladislav"]
[Result "1/2-1/2"]
[WhiteElo "2485"]
[BlackElo "2585"]
[PlyCount "37"]
[EventDate "2001.07.30"]
[Source "www.chesslib.no"]
[SourceDate "2004.05.04"]

1. Nf3 Nf6 2. g3 g6 3. b3 Bg7 4. Bb2 c5 5. c4 d6 6. Bg2 e5 7. O-O O-O 8. Nc3 Nc6 9. d3 h6 10. Nd2 Rb8 11. Nde4 Ne8 12. Nd5 Be6 13. Nec3 Qd7 14. e3 a6 15. Nb6 Qd8 16. Ncd5 Nf6 17. Nxf6+ Bxf6 18. Nd5 Bg7 19. a4 1/2-1/2

[Event "Berliner Sommer"]
[Site "Berlin"]
[Date "1994.??.??"]
[Round "?"]
[White "Eingorn, Vereslav S"]
[Black "Brynell, Stellan"]
[Result "1-0"]
[WhiteElo "2585"]
[BlackElo "2480"]
[PlyCount "83"]
[EventDate "1994.08.??"]
[Source "www.chesslib.no"]
[SourceDate "2004.05.04"]

1. Nf3 Nf6 2. c4 c5 3. b3 g6 4. Bb2 Bg7 5. g3 O-O 6. Bg2 Nc6 7. O-O d6 8. Nc3 Bd7 9. Rc1 Rb8 10. d4 cxd4 11. Nxd4 Qa5 12. e3 a6 13. a3 Rfc8 14. h3 Qd8 15. Nce2 Rc7 16. Kh2 Qc8 17. a4 Nxd4 18. Bxd4 b6 19. Qd3 Bc6 20. Bxc6 Rxc6 21. e4 Nd7 22. Bxg7 Kxg7 23. Qc3+ Kg8 24. Qe3 Rc5 25. Nc3 Nf6 26. Kg2 Qe6 27. Rfe1 Rbc8 28. Rcd1 Rh5 29. g4 Rhc5 30. f4 h5 31. g5 Nd7 32. Rd5 Nf8 33. Qg3 Qd7 34. f5 Qb7 35. f6 Ne6 36. fxe7 Qxe7 37. h4 R5c6 38. Red1 Nc5 39. Rxd6 Nxb3 40. Rxc6 Rxc6 41. Qb8+ Kg7 42. Rd8 1-0

[Event "otb"]
[Site "otb"]
[Date "2007.05.03"]
[Round "1"]
[White "Brodsky Michail"]
[Black "Novik Maxim"]
[Result "1-0"]
[WhiteElo "2597"]
[BlackElo "2466"]
[PlyCount "67"]
[Source "www.chesslib.no"]
[SourceDate "2004.05.04"]

1. Nf3 c5 2. c4 Nf6 3. g3 g6 4. Bg2 Bg7 5. O-O O-O 6. Nc3 d5 7. d3 Nc6 8. Nd2 e6 9. a3 a5 10. Rb1 b6 11. b3 Bb7 12. Bb2 Rb8 13. Nf3 Re8 14. e3 d4 15. exd4 Nxd4 16. Nxd4 cxd4 17. Nb5 e5 18. Re1 Bxg2 19. Kxg2 Qd7 20. Qf3 Re6 21. Re2 Rbe8 22. Rbe1 Qd8 23. Bc1 Nd7 24. b4 axb4 25. axb4 Bf8 26. Bd2 Nf6 27. Rd1 Qc8 28. Rc1 Qd7 29. Ra1 e4 30. dxe4 Nxe4 31. Ra7 Nxd2 32. Rxd2 Qc6 33. Rxf7 Qxc4 34. Rc7 1-0

[Event "Cham"]
[Site "?"]
[Date "1993.??.??"]
[Round "?"]
[White "Panchenko, A.G."]
[Black "Glek, I."]
[Result "0-1"]
[WhiteElo "2515"]
[BlackElo "2545"]
[PlyCount "80"]
[EventDate "1993.??.??"]
[Source "ChessBase"]
[SourceDate "1993.06.01"]

1. Nf3 Nf6 2. g3 g6 3. b3 Bg7 4. Bb2 c5 5. c4 d6 6. Bg2 e5 7. O-O O-O 8. Nc3 Nc6 9. Nd5 Nxd5 10. cxd5 Ne7 11. Ne1 f5 12. e3 b6 13. d3 Bb7 14. e4 f4 15. Bh3 Bc8 16. Bxc8 Qxc8 17. gxf4 Rxf4 18. Ng2 Qh3 19. f3 Rf7 20. f4 exf4 21. Rf3 Qh6 22. Bxg7 Kxg7 23. h4 g5 24. hxg5 Qxg5 25. Rh3 Ng6 26. Qh5 h6 27. Kh1 f3 28. Ne3 Qxe3 29. Rg1 Rf6 30. Rhg3 Qg5 31. Qh3 f2 32. Rxg5 hxg5 33. Qd7+ Rf7 34. Qxd6 Rh8+ 35. Kg2 Nh4+ 36. Kf1 fxg1=Q+ 37. Kxg1 Rhf8 38. Qe6 Rf1+ 39. Kh2 R8f2+ 40. Kh3 Rh1+ 0-1

[Event "DSV-Turnier"]
[Site "Leipzig"]
[Date "1977.??.??"]
[Round "13"]
[White "Espig, Lutz"]
[Black "Smejkal, Jan"]
[Result "1/2-1/2"]
[WhiteElo "2485"]
[BlackElo "2575"]
[PlyCount "60"]
[EventDate "1977.12.01"]
[Source "www.chesslib.no"]
[SourceDate "2004.05.04"]

1. Nf3 Nf6 2. c4 c5 3. Nc3 d5 4. cxd5 Nxd5 5. g3 g6 6. Bg2 Bg7 7. O-O O-O 8. Nxd5 Qxd5 9. d3 Nc6 10. Be3 Bd7 11. d4 cxd4 12. Nxd4 Qc4 13. Nxc6 Bxc6 14. Bxc6 bxc6 15. b3 Qa6 16. Rc1 Qxa2 17. Rxc6 Rfb8 18. Rc7 Bf8 19. Bc5 Rd8 20. Qa1 Qxe2 21. Rxa7 Rxa7 22. Qxa7 Rd1 23. Rxd1 Qxd1+ 24. Kg2 Qd5+ 25. f3 Qxb3 26. Bxe7 Qc2+ 27. Kh3 Qe2 28. Bxf8 Qf1+ 29. Kg4 Qc4+ 30. Kh3 Qf1+ 1/2-1/2

[Event "Bled/Rogaska Slatina"]
[Site "Bled"]
[Date "1991.??.??"]
[Round "6"]
[White "Kotronias, Vasilios"]
[Black "Djuric, Stefan"]
[Result "0-1"]
[WhiteElo "2520"]
[BlackElo "2540"]
[PlyCount "80"]
[EventDate "1991.06.??"]
[Source "ChessBase"]

1. Nf3 Nf6 2. c4 c5 3. Nc3 d5 4. cxd5 Nxd5 5. g3 g6 6. Bg2 Bg7 7. O-O O-O 8. Nxd5 Qxd5 9. d3 Nc6 10. Be3 Bd7 11. Nd4 Qd6 12. Nxc6 Bxc6 13. Bxc6 Qxc6 14. Rc1 Qe6 15. Bxc5 Bxb2 16. Rc4 Bf6 17. a4 Rfc8 18. Re4 Qd7 19. Ba3 Rc7 20. Qb1 Rac8 21. Rc1 b6 22. Rxc7 Rxc7 23. Kg2 Rc3 24. Bb4 Rc6 25. Qb3 Kg7 26. Bd2 Rc5 27. f3 h5 28. Be3 Rc3 29. Qb4 Rc2 30. Bf2 Qd5 31. Kf1 Rc1+ 32. Kg2 Rc2 33. Kf1 Qa2 34. Bd4 e5 35. Bf2 Qa1+ 36. Kg2 Rc1 37. f4 Rh1 38. fxe5 Bg5 39. Rf4 Qf1+ 40. Kf3 Rxh2 0-1